Steps to writing well with additional reading

The informal, student-friendly tone of this rhetorically-organized rhetoric/reader/handbooks provides step-by-step instructions on writing a variety of short, 500-800-word essays. This is a text that both students and instructors can use easily

保存先:
書誌詳細
第一著者: Jean, Wyrick
その他の著者: Jean Wyrick
言語:Undetermined
English
出版事項: Boston Thomson Wadsworth 2005
主題:
タグ: タグ追加
タグなし, このレコードへの初めてのタグを付けませんか!
Thư viện lưu trữ: Trung tâm Học liệu Trường Đại học Trà Vinh
LEADER 00926nam a2200277Ia 4500
001 TVU_7155
008 210423s9999 xx 000 0 und d
020 |a 1413001092 
020 |a 9781413001099 
041 |a eng 
082 |a 428.24 
082 |b W610 
100 |a Jean, Wyrick 
245 0 |a Steps to writing well with additional reading 
245 0 |c Jean Wyrick 
260 |a Boston 
260 |b Thomson Wadsworth 
260 |c 2005 
300 |a 650 p. 
300 |b ill. 
300 |c 24 cm 
504 |a Includes index 
520 |a The informal, student-friendly tone of this rhetorically-organized rhetoric/reader/handbooks provides step-by-step instructions on writing a variety of short, 500-800-word essays. This is a text that both students and instructors can use easily 
650 |a English language; Report writing 
700 |a Jean Wyrick 
980 |a Trung tâm Học liệu Trường Đại học Trà Vinh